000 00243nam a22000857a 4500
008 161129b xxu||||| |||| 00| 0 eng d
100 _91533
_akumaradas.s
245 _aBroadway A multi Literalure Reader
260 _aNew Delhi
_bOxford publication
_c2005
999 _c4262
_d4262